Регионална библиотека "Любен Каравелов" - Русе

Етюди в българските народни интонации и метроритми (Запис номер 349379)

MARC детайли
000 -Лидер
Контролно поле с фиксирана дължина 01160ncm a2200301 a 4500
003 - Код на организацията, давaща контролен номер
Контролно поле BLK
005 - Дата и час на последна редакция
Контролно поле 20241017135948.0
008 - Елементи от данни с фиксирана дължина
fixed length control field 200324b bu ||||| |||| 00| 0 bu d
040 ## - Източник на каталожния запис
Идентификатор на билиотеката - собственик на записа BLK
041 ## - Код за език
Код за езика на текст/звукозапис или на отделно заглавие Български
Код за езика КДБФ Български
080 ## - УДК
Текстов определител УДК Инструментална музика
УДК код - определител по УДК 785
УДК - код + определител 785(497.2)
УДК определител (497.2)
100 ## - Редна дума - Автор
Автор Караиванов, Стоян Иванов
Авторска отговорност първи автор
R(LIN) 1299
139 ## - Редно поле
Редна дума Караиванов, Стоян Иванов
Авторски знак Караи - К 31
245 ## - Сведения за заглавието
Заглавие Етюди в българските народни интонации и метроритми
Подзаглавни данни Нотирана музика : за валдхорна
Редно поле (дума) Стоян Караиванов
260 ## - Област на издателските данни
9 (RLIN) 209430
Място на издаване, разпространение и проч. София
Име на издателя, разпространителя и проч. Музика
Година на издаване 1977
300 ## - Физическа характеристика
Страници 24 с.
Размери/Мащаб с ноти
Илюстрации и др. 33 см
380 ## - Жанр
Жанр Изкуство
500 ## - Общи забележки
Забележка 242 тир.
653 #7 - Ключова дума – ненормативна
9 (RLIN) 189136
Ключова дума концертни етюди
653 #7 - Ключова дума – ненормативна
9 (RLIN) 182842
Ключова дума валдхорни
653 #0 - Ключова дума – ненормативна
9 (RLIN) 402754
Ключова дума български народни интонации
852 ## - Местоположение
Форматна сигнатура М ІІ 7335
999 ## - СИСТЕМНИ КОНТРОЛНИ НОМЕРА
Koha biblionumber 349379
Koha biblioitemnumber 349379
942 ## - АРТИКУЛИ
Вид на библиотечния материал Нотни издания
Скрит в OPAC Не
Периодичен библиозапис Да
Koha issues (borrowed), all copies 9
944 ## - СЪЗДАВАНЕ И РЕДАКЦИЯ на ЗАПИСА
Създаване/Редакция Създаване
Дата на регистрацията/редакция 2020-03-24
Статус, дата на статуса Русанова Ирена
Служител, извършил регистрацията/редакцията 30542
999 ## - СИСТЕМНИ КОНТРОЛНИ НОМЕРА
Koha biblioitemnumber 349379
999 ## - СИСТЕМНИ КОНТРОЛНИ НОМЕРА
Koha biblioitemnumber 349378
999 ## - СИСТЕМНИ КОНТРОЛНИ НОМЕРА
Koha biblioitemnumber 349376
Наличности
Код за отписване Код за изгубен артикул Източник на класификационната схема Код за повреда Коз за рестрикции Код за отдаване Артикулен № Име на библиотеката - собственик Име на библиотеката, в която се намира в момента Статус (Текущо местоположение) Дата на вписване в системата Местоположение - отдел Цена в лева Инвентарен номер Систематично азбучна сигнатура Баркод Цена в евро Служебен тип на артикула
  Не е изгубен Universal Decimal Classification Не е повреден без рестрикции заемане за дома 756596 Регионална библиотека "Любен Каравелов" Русе Регионална библиотека "Любен Каравелов" Русе Отдел Изкуство - подръчен фонд 2020-03-24 Отдел Изкуство - подръчен фонд 0.43 265561 788/К 31 С 120000265561 0.22 Нотни издания
  Не е изгубен Universal Decimal Classification Не е повреден без рестрикции заемане за дома 756597 Регионална библиотека "Любен Каравелов" Русе Регионална библиотека "Любен Каравелов" Русе Отдел Изкуство - подръчен фонд 2020-03-24 Отдел Изкуство - подръчен фонд 0.43 244855 788/К 31 С 120000244855 0.22 Нотни издания
  Не е изгубен Universal Decimal Classification Не е повреден само за читалня ползва се в читалня 779099 Регионална библиотека "Любен Каравелов" Русе Регионална библиотека "Любен Каравелов" Русе Хранилище 2020-06-26 Хранилище 0.43 229273 Цб М II 7335 900000023849 0.22 Нотни издания
Vip Innovations Ltd, Rousse, Bulgaria 2025